000 00626nam a2200217 i 4500
001 C2-0302382
003 PPAK
005 20180728083425.0
008 100125s1995 io |||| ||||| | may d
040 _aPPAK
_beng
_cPPAK
_erda
082 0 4 _a499.23
_223
090 0 0 _a499.23
_bWIL
_dKIH
100 0 _awildan m. pd.,
_cDrs.
_eauthor
245 1 0 _aKode bahasa dan kode sastra dalam puisi
264 1 _aBanda Aceh, Indonesia :
_bSyiah Kuala University Press ,
_c1995
300 _avii, 82 pages ;
_c21 cm
336 _2rdacontent
_atext
337 _2rdamedia
_aunmediated
338 _2rdacarrier
_avolume
942 _ddc
_cB
999 _c106030
_d106030